The Stupendium: Game Songs - Statistics

General Stats
  • This quiz has been taken 34 times
  • The average score is 12 of 15
Answer Stats
Song Game % Correct
An Imposter Calls Among Us
100%
Art of Darkness Bendy and the Ink Factory
92%
And So We Fall Fall Guys
92%
Ad Infinitum Deltarune
88%
Wake Me Up Before You Goat Goat Goat Simulator
88%
Wool Over Our Eyes Cult of the Lamb
85%
The Most Fashionable Faction TF2
81%
What a Fowl Day Untitled Goose Game
81%
Dead Ahead Dredge
73%
The Fine Print Outer Worlds
73%
A Matter Of Factories Satisfactory
69%
Open the Sky Stray
65%
Impossible Geometry Beat Saber
62%
Rest Employed Death and Taxes
62%
The Apex Hitman
62%
No matching quizzes found
Score Distribution
Percent of People with Each Score
Percentile by Number Answered
Your Score History
You have not taken this quiz